Численное моделирование процесса конденсации продуктов сгорания натуральных топлив ТЭС в атмосфере; Теплофизические основы энергетических технологий

書誌詳細
Parent link:Теплофизические основы энергетических технологий.— 2013.— [С. 144-148]
第一著者: Гвоздяков Д. В. Дмитрий Васильевич
団体著者: Национальный исследовательский Томский политехнический университет (ТПУ) Энергетический институт (ЭНИН) Кафедра теоретической и промышленной теплотехники (ТПТ)
その他の著者: Губин В. Е. Владимир Евгеньевич
要約:Заглавие с экрана
言語:ロシア語
出版事項: 2013
シリーズ:Теплоэнергетика
主題:
オンライン・アクセス:http://earchive.tpu.ru/handle/11683/70169
http://www.lib.tpu.ru/fulltext/c/2013/C02/036.pdf
フォーマット: 電子媒体 図書の章
KOHA link:https://koha.lib.tpu.ru/cgi-bin/koha/opac-detail.pl?biblionumber=607792

MARC

LEADER 00000naa2a2200000 4500
001 607792
005 20260312160557.0
035 |a (RuTPU)RU\TPU\conf\5198 
035 |a RU\TPU\conf\5196 
090 |a 607792 
100 |a 20140901d2013 k y0rusy50 ca 
101 0 |a rus 
102 |a RU 
135 |a drcn ---uucaa 
181 0 |a i  
182 0 |a b 
200 1 |a Численное моделирование процесса конденсации продуктов сгорания натуральных топлив ТЭС в атмосфере  |f Д. В. Гвоздяков, В. Е. Губин 
203 |a Текст  |c электронный 
215 |a 1 файл (333 Кб) 
225 1 |a Теплоэнергетика 
300 |a Заглавие с экрана 
320 |a [Библиогр.: с. 147-148 (18 назв.)] 
337 |a Adobe Reader 
463 1 |0 (RuTPU)RU\TPU\conf\4555  |t Теплофизические основы энергетических технологий  |o сборник научных трудов IV Всероссийской научно-практической конференции с международным участием, 10-12 октября 2013 г., Томск  |f Национальный исследовательский Томский политехнический университет (ТПУ), Энергетический институт (ЭНИН) ; под ред. Кузнецова [и др.]  |v [С. 144-148]  |d 2013 
610 1 |a электронный ресурс 
610 1 |a труды учёных ТПУ 
610 1 |a численное моделирование 
610 1 |a конденсация 
610 1 |a продукты сгорания 
610 1 |a натуральное топливо 
610 1 |a ТЭС 
610 1 |a тепловые электрические станции 
610 1 |a загрязнение 
610 1 |a загрязненная атмосфера 
610 1 |a атмосферные осадки 
700 1 |a Гвоздяков  |b Д. В.  |c специалист в области энергетики  |c доцент Томского политехнического университета, кандидат технических наук  |f 1985-  |g Дмитрий Васильевич  |3 (RuTPU)RU\TPU\pers\26014  |9 11863 
701 1 |a Губин  |b В. Е.  |c специалист в области энергетики  |c доцент Томского политехнического университета, кандидат технических наук  |f 1976-  |g Владимир Евгеньевич  |3 (RuTPU)RU\TPU\pers\25985  |9 11834 
712 0 2 |a Национальный исследовательский Томский политехнический университет (ТПУ)  |b Энергетический институт (ЭНИН)  |b Кафедра теоретической и промышленной теплотехники (ТПТ)  |3 (RuTPU)RU\TPU\col\18679 
801 1 |a RU  |b 63413507  |c 20101016 
801 2 |a RU  |b 63413507  |c 20220321  |g RCR 
856 4 |u http://earchive.tpu.ru/handle/11683/70169 
856 4 |u http://www.lib.tpu.ru/fulltext/c/2013/C02/036.pdf 
942 |c BK